000 00525nam a2200181Ia 4500
005 20250923144420.0
008 008 250917s9999 xx 000 0 eng d
037 _aTextual
040 _aDSWL
_beng
_cDSWL
041 _aeng
_2eng
084 _aYX,Z1;6-J, N46;1
_qDSWL
100 _aHopkirk, Howard W
_9824680
245 0 _aInsititutions serving children
_cby Howard W Hopkirk
260 _aNew York
_c1944
300 _a244 p.
942 _cTEXL
_hYX,Z1;6-J, N46;1
999 _c1438570
_d1438570